01560nam a2200289 a 450000100100000000500170001000800410002704000250006808200210009310000560011424500600017026000360023030000210026649000270028750000630031459000280037765000290040565000310043483000340046591000370049995201340053695201340067095201340080495201190093895201960105799900170125300001295120240412074236.0091118s1980 dr 000 0 spa d aDO-SdBNPbspacBNPHU aRD863.44bR696su1 aRodríguez Fernández, Arturo,d1948-2010.92985210aSubir como una marea /cArturo Rodríguez Fernández. aSanto Domingo :bTaller,c1980. a190 p. ;c20 cm.1 aBiblioteca tallerv116 aIncluye datos biográficos del autor en la contracubierta aInventariado, 2020 /MAA 0aCuentos dominicanos9176 0aLiteratura dominicana.967 0aBiblioteca tallern116929853 aValidado. Control de calidad MFF 001054708DSaGRbGRcHDd2011-06-06iLF1l0oRD863.44 R696sup12951-30r2020-06-25te. 3w2020-06-25yLFDSZPréstamo en sala 001154708DSaGRbGRcMId2011-06-06iLF1l0oRD863.44 R696sup12951-40r2020-06-25te. 4w2020-06-25yLFDSZPréstamo en sala 001154708DSaGRbGRcMId2011-06-06iLF1l0oRD863.44 R696sup12951-50r2020-06-25te. 5w2020-06-25yLFDSZPréstamo en sala 0010718PDaPDbPDcHDd2009-11-18iLF1l0oRD863.44 R696sup12951-10r2020-06-25w2020-06-25yLFPDZNo se presta 0010718PDaPDbPDcHDd2009-11-18iLF1l0oRD863.44 R696sup12951-20r2020-06-25te. 2w2020-06-25yLFPDzPerteneció a la biblioteca personal de Aida Cartagena Portalatín.ZNo se presta c12599d12599